J.J. Abrams Movies Quiz Stats

 Plays Quiz Updated Dec 26, 2019

Support Sporcle.
Go Orange.
Score 0/6 Timer 03:00
0 Plays Today
Year Film % Correct
2009Star Trek
91%
2015Star Wars: The Force Awakens
85.1%
2019Star Wars: The Rise of Skywalker
83.7%
2013Star Trek Into Darkness
73.4%
2011Super 8
56.7%
2006Mission Impossible III
34.8%

You're not logged in!

Compare scores with friends on all Sporcle quizzes.
OR
Log In

From the Vault

N.Y. Times #1 Fiction Authors

by Matt

If you happen to get stuck in an airport during this holiday travel season, you'll see many of these authors on books everywhere.
Remove Ads.
Support Sporcle.
Get the best of Sporcle when you Go Orange. This ad-free experience offers more features, more stats, and more fun while also helping to support Sporcle. Thank you for becoming a member.

Show Comments

Extras

Top Quizzes Today


Score Distribution

Your Account Isn't Verified!

In order to create a playlist on Sporcle, you need to verify the email address you used during registration. Go to your Sporcle Settings to finish the process.

Report this User

Report this user for behavior that violates our Community Guidelines.

Details: